| 000 | 00485nam a2200181Ia 4500 | ||
|---|---|---|---|
| 001 | 4620 | ||
| 005 | 20260306145809.0 | ||
| 008 | 260306t1997||||xx |||||||||||||| ||spa|| | ||
| 041 | _aESP | ||
| 082 |
_a327.85 _bC75 |
||
| 100 |
_aColegio de Abogados de Lima. Comisión de Relaciones Exteriores _eAUT |
||
| 245 | 0 | _aDictamen Histórico - Jurídico Perú - Ecuador | |
| 260 | _c1997 | ||
| 300 |
_a75 páginas : _c24 cm. |
||
| 650 | _aGEN | ||
| 654 | _aCHU | ||
| 942 |
_cLIB _dJUS _fJUS _2ddc _n |
||
| 999 |
_c4620 _d4620 |
||